000 00772nam a2200217Ii 4500
003 JO-AjNU
008 230605s9999||||xx |||||||||||||| ||und||
017 _a1997/7/1025
040 _aJO-AjNU
_bara
_erda
_cJO-AjNU
041 _aara
050 1 4 _aTS161.A74 2009
100 3 _aعقيلي, عمر وصفي /م مشارك منعم زمزير الموسوي، قحطان العبدلي ,
_eauthor
_928676
245 0 0 _aادارة المواد الشراء والتخزين من منظور كمي
250 _aط1
264 3 1 _aعمان:دار اليازوري، 2009
300 _a382ص
336 _atext
_btxt
_2rdacontent
337 _aunmediated
_bn
_2rdamedia
338 _avolume
_bnc
_2rdacarrier
650 4 _aادارة الاعمال-الاقتصاد
_928677
999 _aA11152
_c14720
_d14720